LEADER 01778nlm0 2200349 450 001 000037665 005 20250327113827.0 010 $a978-88-351-5143-2$beBook-PDF 100 $a20231030d2022----km-y0itay50------ba 101 0 $aita 102 $aIT 105 $a--------001cy 106 $as 135 $adoug----uuuuu 200 1 $aArgomentare$brisorsa elettronica$etra logica, retorica e scienze cognitive$fPaolo Artuso 210 $aMilano$cAngeli$d2022 215 $a1 testo elettronico (191 p.) 225 2 $a<>cultura della comunicazione$v95 230 $aTesto elettronico 327 1 $aIndice del libro free access:$uhttp://digital.casalini.it/9788835151432 330 $aSaper argomentare correttamente è una competenza necessaria per comunicare a qualsiasi livello, dal dibattito pubblico alla semplice discussione tra amici. Il libro ha lo scopo di aiutare il lettore a valutare autonomamente la correttezza delle tesi in una discussione e a difendersi dagli pseudoargomenti. Logica, retorica, dialettica, pragmatica del linguaggio e alcuni principi di psicologia cognitiva sono gli strumenti utilizzati per capire il funzionamento di un'argomentazione efficace. [Testo dell'editore] 410 0$12001$a<>cultura della comunicazione$v95 500 10$aArgomentare$94342885 610 1 $aArgomentazione 676 $a168$v23$9ARGOMENTAZIONE E PERSUASIONE 700 1$aArtuso,$bPaolo$4070$0296973 801 0$aIT$bUNIPARTHENOPE$c20250327$gREICAT$2UNIMARC 856 4 $aData ultima consultazione: 27-03-2025$uhttp://digital.casalini.it/9788835151432$zAccesso limitato alla rete di Ateneo Università di Napoli "Parthenope" 912 $a000037665 951 $aEBOOK$b49891$cNAVA1$d2025 996 $aArgomentare$94342885 997 $aUNIPARTHENOPE